Dávidova harfa oslávila päť rokov trvania

Podrobná bibliografia
Hlavný autor: Gallo, S. (Autor)
Médium: Článok
Jazyk:slovenčina
Fyzický popis:Obr.
Predmet:

MARC

LEADER 00000nab a2200000 a 4500
001 vtls000709350
003 SK-MaSNL
005 20260302194544.0
008 140402c1999 xo 0 slo
015 |a SNBRB2000/01-01291 
035 |a CLN000061517 
040 |a SNKBUCL  |b slo  |c SNKBUCL  |e AACR2 
041 0 |a slo 
044 |a xo  |c SK 
080 |a 284.1-053.2:061.7  |2 1997 
100 1 |a Gallo, S.  |4 aut  |9 914848 
245 1 0 |a Dávidova harfa oslávila päť rokov trvania  |c S. Gallo 
300 |b Obr. 
610 7 |a Dávidova harfa  |2 snkbucl  |9 914849 
655 7 |a články z novín a časopisov  |2 snkbucl  |9 267496 
773 0 |t Evanjelický posol spod Tatier  |g Roč. 89, č. 46 (1999), s. 14 
850 |a Slovenská národná knižnica v Martine 
852 |a SNK  |b KIS3GCP 
958 |a SK 
992 |a RBX 
999 |c 1449026  |d 1450956